| 000 | 00724nam a22002297a 4500 | ||
|---|---|---|---|
| 005 | 20250818103718.0 | ||
| 008 | 250818b |||||||| |||| 00| 0 eng d | ||
| 020 | _a978--977-652-133-9 (hbk) | ||
| 037 | _cTB | ||
| 040 |
_aAL _cAL |
||
| 041 |
_2ARB _aARB |
||
| 084 |
_aO28,1:g Q6 _bAL |
||
| 100 |
_aHameedi al-shekh _9817992 |
||
| 245 | _aFunniyat al-abdaa al-funni fi al-urooz | ||
| 260 |
_aAlexandria, Egypt: _bDarul Kutub, _c2017. |
||
| 300 | _a119p. | ||
| 365 |
_b600.00 _cINR |
||
| 650 |
_aArabic Literature _9817993 |
||
| 650 |
_aArabi Poetry _9817994 |
||
| 942 |
_2CC _cTB _hO28,1:g Q6 _n0 |
||
| 999 |
_c1434777 _d1434777 |
||